000 00290nam a22001337a 4500
008 181011b xxu||||| |||| 00| 0 eng d
020 _a9780395961148
041 _aeng
080 _a371
100 _a25
101 _aEDU
245 _aLearning Disabilities
_cLerner, J
942 _2udc
_cBK
999 _c49398
_d49398